000 00978nam a22002537a 4500
005 20170731145215.0
010 _a1617EN ENG-117449
020 _a9789350023754
_c395.00
035 _aB-649172-179
035 _aEN-100981
035 _aB-667300
037 _adpl
_bAakar
037 _bDBAD/PUB
082 _a294.5
100 _aJal, Murzban
245 _aWhy we are not Hindus /
_cby Murzban Jal
260 _aDelhi
_bAakar
_c2015
270 _a28 E Pocket-IV, Mayur Vihar Phase-I,
_bDelhi
_e110091
300 _a144p.
_c23cm(HB)
500 _aIncludes index
942 _2ddc
_cEN
_mJAL
_h294.5
999 _c102438
_d102438